000 00762cab a2200229 4500
001 WB2708-62
008 090401t1991 xxu||||| |||| 00| 0 eng d
035 _a(Sirsi) u14560
041 _aeng
245 _aUDCs preparing for their extinction
260 _c1991
350 _a0
490 _aFinancial Times
_v21/1/91 p9
520 _aThe 10 urban development corporations are preparing the way for their phasing-out after 1995-96 by spending part of their annual income encouraging local bodies to take on their responsibilities for encouraging local development and new enterprises .
650 _aINNER CITY
650 _aINVESTMENT
650 _aLDDC
650 _aPRIVATE SECTOR
690 _aURBAN RENEWAL
942 _n0
948 _c04/03/1997
999 _c9500
_d9500